පව්කාරයකුගේ ප්රේම සවාරිය (Record no. 42704)
[ view plain ]
| 000 -LEADER | |
|---|---|
| fixed length control field | 00516nam a2200181Ia 4500 |
| 008 - FIXED-LENGTH DATA ELEMENTS--GENERAL INFORMATION | |
| fixed length control field | 140807t2012 xxu||||| |||| 00| 0 sin d |
| 041 ## - LANGUAGE CODE | |
| Language code of text/sound track or separate title | Sinhala; Sinhalese |
| 080 ## - UNIVERSAL DECIMAL CLASSIFICATION NUMBER | |
| Universal Decimal Classification number | 8-31 |
| Item number | SIN |
| 942 ## - ADDED ENTRY ELEMENTS (KOHA) | |
| Koha item type | Books |
| 003 - CONTROL NUMBER IDENTIFIER | |
| control field | LK-CoDNM |
| 040 ## - CATALOGING SOURCE | |
| Original cataloging agency | LK-CoDNM |
| Modifying agency | LK-CoDNM |
| Description conventions | LK-CoDNM |
| 100 ## - MAIN ENTRY--PERSONAL NAME | |
| Personal name | Singer,Isaac Bashevis |
| 700 ## - ADDED ENTRY--PERSONAL NAME | |
| Personal name | Kodikari,Pasan |
| Relator term | translater |
| 245 ## - TITLE STATEMENT | |
| Title | පව්කාරයකුගේ ප්රේම සවාරිය |
| 246 ## - VARYING FORM OF TITLE | |
| Title proper/short title | Pawkarayakuge Prema Sawariya |
| 260 ## - PUBLICATION, DISTRIBUTION, ETC. (IMPRINT) | |
| Place of publication, distribution, etc. | Sarasavi |
| -- | Nugegoda |
| Date of publication, distribution, etc. | 2012 |
| 300 ## - PHYSICAL DESCRIPTION | |
| Other physical details | 346p, 21 cm |
| Withdrawn status | Lost status | Damaged status | Not for loan | Collection code | Permanent Location | Current Location | Date acquired | Full call number | Barcode | Koha item type |
|---|---|---|---|---|---|---|---|---|---|---|
| Translation | Library National Museum Colombo - Sri Lanka | Library National Museum Colombo - Sri Lanka | 2014-08-07 | 8-31 SIN | 157691 | Books |


